<?xml version="1.0" encoding="UTF-8"?>
<record
    xmlns:xsi="http://www.w3.org/2001/XMLSchema-instance"
    xsi:schemaLocation="http://www.loc.gov/MARC21/slim http://www.loc.gov/standards/marcxml/schema/MARC21slim.xsd"
    xmlns="http://www.loc.gov/MARC21/slim">

  <leader>02998nam a2200253Ia 4500</leader>
  <controlfield tag="003">OSt</controlfield>
  <controlfield tag="005">20260211111841.0</controlfield>
  <controlfield tag="008">210210b2010   xxu||||| |||| 00| 0 eng d</controlfield>
  <datafield tag="020" ind1=" " ind2=" ">
    <subfield code="a">9788188478811</subfield>
  </datafield>
  <datafield tag="040" ind1=" " ind2=" ">
    <subfield code="c">AL</subfield>
  </datafield>
  <datafield tag="041" ind1=" " ind2=" ">
    <subfield code="a">Kannada</subfield>
  </datafield>
  <datafield tag="082" ind1=" " ind2=" ">
    <subfield code="a">927K PRES</subfield>
  </datafield>
  <datafield tag="100" ind1=" " ind2=" ">
    <subfield code="a">PREMA KARANTA</subfield>
    <subfield code="d">&#xCAA;&#xCCD;&#xCB0;&#xCC7;&#xCAE;&#xCBE; &#xC95;&#xCBE;&#xCB0;&#xC82;&#xCA4;</subfield>
    <subfield code="9">254425</subfield>
  </datafield>
  <datafield tag="245" ind1=" " ind2=" ">
    <subfield code="a">Solisabeda gelisayya: Atmakathana</subfield>
    <subfield code="b">&#xCB8;&#xCCB;&#xCB2;&#xCBF;&#xCB8;&#xCAC;&#xCC7;&#xCA1;...&#xC97;&#xCC6;&#xCB2;&#xCBF;&#xCB8;&#xCAF;&#xCCD;&#xCAF;: &#xC86;&#xCA4;&#xCCD;&#xCAE;&#xC95;&#xCA5;&#xCA8; </subfield>
  </datafield>
  <datafield tag="260" ind1=" " ind2=" ">
    <subfield code="a">DharavaDa</subfield>
    <subfield code="b">Manohara Grantha Mala</subfield>
    <subfield code="c">2010</subfield>
  </datafield>
  <datafield tag="300" ind1=" " ind2=" ">
    <subfield code="a">vi,232</subfield>
  </datafield>
  <datafield tag="520" ind1=" " ind2=" ">
    <subfield code="a"> &#xCB8;&#xCBE;&#xCA7;&#xCA8;&#xCC6;&#xCAF; &#xC9C;&#xCC0;&#xCB5;&#xCA8; &#xCA8;&#xCA1;&#xCC6;&#xCB8;&#xCBF;&#xCA6; &#xCAA;&#xCCD;&#xCB0;&#xCC7;&#xCAE;&#xCBE; &#xC95;&#xCBE;&#xCB0;&#xC82;&#xCA4;&#xCB0;&#xCC1; &#xC85;&#xCA6;&#xCB0; &#xCB9;&#xCBF;&#xC82;&#xCA6;&#xCBF;&#xCA6;&#xCCD;&#xCA6; &#xC95;&#xCB7;&#xCCD;&#xC9F;&#xC97;&#xCB3;&#xCC1;, &#xC85;&#xCA6;&#xCC1; &#xCA4;&#xC82;&#xCA6;&#xCBF;&#xCA4;&#xCCD;&#xCA4; &#xCA8;&#xCCB;&#xCB5;&#xCC1;&#xC97;&#xCB3; &#xCAC;&#xC97;&#xCCD;&#xC97;&#xCC6; &#xCAC;&#xCB9;&#xCC1; &#xCA7;&#xCC8;&#xCB0;&#xCCD;&#xCAF;&#xCA6;&#xCBF;&#xC82;&#xCA6; &#xCAE;&#xCC1;&#xC9A;&#xCCD;&#xC9A;&#xCC1;&#xCAE;&#xCB0;&#xCC6;&#xCAF;&#xCBF;&#xCB2;&#xCCD;&#xCB2;&#xCA6;&#xC82;&#xCA4;&#xCC6; &#xCA8;&#xCC7;&#xCB0; &#xCAC;&#xCB0;&#xCC6;&#xCA6;&#xCBF;&#xCA6;&#xCCD;&#xCA6;&#xCBE;&#xCB0;&#xCC6;. &#xC85;&#xCA6;&#xCCA;&#xC82;&#xCA6;&#xCC1; &#xCA6;&#xCBF;&#xCA8; &#xCAA;&#xCCD;&#xCB0;&#xCC7;&#xCAE;&#xCBE; &#xC95;&#xCBE;&#xCB0;&#xC82;&#xCA4;&#xCB0; &#xCAE;&#xCA8;&#xCB8;&#xCCD;&#xCB8;&#xCBF;&#xCA8;&#xCB2;&#xCCD;&#xCB2;&#xCBF; &#xC86;&#xCB2;&#xCCB;&#xC9A;&#xCA8;&#xCC6;&#xC97;&#xCB3;&#xCC1;, &#xCA8;&#xCCB;&#xCB5;&#xCC1;, &#xC96;&#xCBF;&#xCA8;&#xCCD;&#xCA8;&#xCA4;&#xCC6; &#xCAA;&#xCCD;&#xCB0;&#xCB5;&#xCB9;&#xCBF;&#xCB8;&#xCC1;&#xCA4;&#xCCD;&#xCA4;&#xCBF;&#xCB0;&#xCC1;&#xCB5;&#xC82;&#xCA4;&#xCC6;&#xCAF;&#xCC7; &#xCAA;&#xCCD;&#xCB0;&#xCAE;&#xCC1;&#xC96; &#xCB8;&#xCBE;&#xCB9;&#xCBF;&#xCA4;&#xCBF;&#xCAF;&#xCCA;&#xCAC;&#xCCD;&#xCAC;&#xCB0;&#xCC1; "&#xC8F;&#xCA8;&#xCC1; &#xC97;&#xC9F;&#xCCD;&#xC9F;&#xCBF; &#xCB9;&#xCC6;&#xC82;&#xC97;&#xCB8;&#xCB0;&#xCC0; &#xCA8;&#xCC0;&#xCB5;&#xCC1;" &#xC8E;&#xC82;&#xCA6;&#xCC6;&#xCB2;&#xCCD;&#xCB2; &#xCB9;&#xCCA;&#xC97;&#xCB3;&#xCBF;&#xCA6;&#xCCD;&#xCA6;&#xCB0; &#xCAA;&#xCCD;&#xCB0;&#xCB8;&#xCCD;&#xCA4;&#xCBE;&#xCAA;&#xCB5;&#xCBF;&#xCA6;&#xCC6;. &#xC86;&#xC97; &#xC85;&#xCB5;&#xCB0;&#xCA8;&#xCCD;&#xCA8;&#xCC1; &#xCB9;&#xCCA;&#xC97;&#xCB3;&#xCBF;&#xCA6; &#xC86; &#xCB8;&#xCBE;&#xCB9;&#xCBF;&#xCA4;&#xCBF;&#xCAF;&#xCC2; &#xC85;&#xCB5;&#xCB0;&#xCBF;&#xC97;&#xCC6; "stupid man" &#xC85;&#xCA8;&#xCCD;&#xCA8;&#xCBF;&#xCB8;&#xCC1;&#xCB5;&#xCC1;&#xCA6;&#xCB0;&#xCB2;&#xCCD;&#xCB2;&#xCBF; &#xCAC;&#xCA6;&#xCC1;&#xC95;&#xCBF;&#xCA8; &#xCB5;&#xCBE;&#xCB8;&#xCCD;&#xCA4;&#xCB5;&#xCA6; &#xC85;&#xCB0;&#xCBF;&#xCB5;&#xCBF;&#xCA8; &#xC9A;&#xCB9;&#xCB0;&#xCC6;&#xCAF;&#xCBF;&#xCA6;&#xCC6;. &#xC85;&#xCB5;&#xCB0;&#xCC1; &#xC85;&#xCA8;&#xCC1;&#xCAD;&#xCB5;&#xCBF;&#xCB8;&#xCBF;&#xCA6; &#xCA8;&#xCCB;&#xCB5;&#xCC1;&#xC97;&#xCB3; &#xCB9;&#xCBF;&#xC82;&#xCA6;&#xCC6; &#xC95;&#xCB7;&#xCCD;&#xC9F;&#xC97;&#xCB3; &#xCB8;&#xCB0;&#xCAE;&#xCBE;&#xCB2;&#xCC6;&#xCAF;&#xCBF;&#xCA6;&#xCCD;&#xCA6;&#xCB0;&#xCC2; &#xC85;&#xCA6;&#xCA8;&#xCCD;&#xCA8;&#xCC1; &#xCB9;&#xCC6;&#xC9A;&#xCCD;&#xC9A;&#xCC1; &#xC8E;&#xCB3;&#xCC6;&#xCAF;&#xCA6;&#xCC6; &#xCA7;&#xCC8;&#xCB0;&#xCCD;&#xCAF;&#xCA6;&#xCBF;&#xC82;&#xCA6; &#xCAE;&#xCC1;&#xCA8;&#xCCD;&#xCA8;&#xCC1;&#xC97;&#xCCD;&#xC97;&#xCBF;&#xCA6;&#xCC1;&#xCA6;&#xCB0; &#xC95;&#xCC1;&#xCB0;&#xCBF;&#xCA4;&#xCC1; &#xCB9;&#xCC6;&#xC9A;&#xCCD;&#xC9A;&#xCC1; &#xC92;&#xCA4;&#xCCD;&#xCA4;&#xCC1; &#xC95;&#xCCA;&#xC9F;&#xCCD;&#xC9F;&#xCC1; &#xCAC;&#xCB0;&#xCC6;&#xCA6;&#xCBF;&#xCA6;&#xCCD;&#xCA6;&#xCBE;&#xCB0;&#xCC6;. &#xCAA;&#xCC1;&#xCB8;&#xCCD;&#xCA4;&#xC95; &#xC93;&#xCA6;&#xCC1;&#xCB5;&#xCBE;&#xC97; &#xC88; &#xCB5;&#xCBF;&#xCB7;&#xCAF; &#xCA8;&#xCA8;&#xC97;&#xCC6; &#xCAC;&#xCB9;&#xCB3; &#xC87;&#xCB7;&#xCCD;&#xC9F;&#xCB5;&#xCBE;&#xCAF;&#xCBF;&#xCA4;&#xCC1;.

&#xCAC;&#xCBF; &#xCB5;&#xCBF; &#xC95;&#xCBE;&#xCB0;&#xC82;&#xCA4;&#xCB0; &#xCB8;&#xCBE;&#xCA7;&#xCA8;&#xCC6;&#xCAF; &#xC9C;&#xCC0;&#xCB5;&#xCA8;&#xCA6;&#xCB2;&#xCCD;&#xCB2;&#xCBF; &#xCAA;&#xCCD;&#xCB0;&#xCC7;&#xCAE;&#xCBE; &#xC95;&#xCBE;&#xCB0;&#xC82;&#xCA4;&#xCB0;&#xCC1; &#xCB5;&#xCB9;&#xCBF;&#xCB8;&#xCBF;&#xCA6; &#xCAA;&#xCBE;&#xCA4;&#xCCD;&#xCB0; &#xC8E;&#xCB7;&#xCCD;&#xC9F;&#xCC1; &#xCA6;&#xCCA;&#xCA1;&#xCCD;&#xCA1;&#xCA6;&#xCC1; &#xC8E;&#xC82;&#xCAC;&#xCC1;&#xCA6;&#xCA8;&#xCCD;&#xCA8;&#xCC1; &#xCAA;&#xCCD;&#xCB0;&#xCC7;&#xCAE;&#xCBE; &#xC95;&#xCBE;&#xCB0;&#xC82;&#xCA4;&#xCB0;&#xCC1; &#xCB9;&#xCC7;&#xCB3;&#xCBF;&#xC95;&#xCCA;&#xCB3;&#xCCD;&#xCB3;&#xCC1;&#xCB5; &#xC97;&#xCCB;&#xC9C;&#xCBF;&#xC97;&#xCC6; &#xCB9;&#xCCB;&#xC97;&#xCA6;&#xCBF;&#xCA6;&#xCCD;&#xCA6;&#xCB0;&#xCC2; &#xC85;&#xCA6;&#xCB0; &#xC85;&#xCB0;&#xCBF;&#xCB5;&#xCC1; &#xC93;&#xCA6;&#xCC1;&#xC97;&#xCB0;&#xCBF;&#xC97;&#xCBE;&#xC97;&#xCC1;&#xCA4;&#xCCD;&#xCA4;&#xCA6;&#xCC6;. &#xCAA;&#xCC1;&#xCB8;&#xCCD;&#xCA4;&#xC95;&#xCB5;&#xCCA;&#xC82;&#xCA6;&#xCC1; &#xCAA;&#xC9F;&#xCCD;&#xC9F; &#xCAA;&#xCBE;&#xCA1;&#xCBF;&#xCA8; &#xCB5;&#xCCD;&#xCAF;&#xCBE;&#xC96;&#xCCD;&#xCAF;&#xCBE;&#xCA8;&#xCB5;&#xCB7;&#xCCD;&#xC9F;&#xCC7; &#xC86;&#xC97;&#xCA6;&#xCC6; &#xC95;&#xCB7;&#xCCD;&#xC9F;&#xC97;&#xCB3;&#xCA8;&#xCCD;&#xCA8;&#xCC6;&#xCA6;&#xCC1;&#xCB0;&#xCBF;&#xCB8;&#xCC1;&#xCB5;, &#xCA7;&#xCC8;&#xCB0;&#xCCD;&#xCAF; &#xCA4;&#xCC1;&#xC82;&#xCAC;&#xCC1;&#xCB5; &#xC85;&#xCAA;&#xCC2;&#xCB0;&#xCCD;&#xCB5; &#xC85;&#xCA8;&#xCC1;&#xCAD;&#xCB5;&#xCB5;&#xCBE;&#xC97;&#xCC1;&#xCB5;&#xCC1;&#xCA6;&#xCC1; &#xC88; &#xC95;&#xCC3;&#xCA4;&#xCBF;&#xCAF; &#xCB5;&#xCC8;&#xCB6;&#xCBF;&#xCB7;&#xCCD;&#xC9F;&#xCCD;&#xCAF;&#xCA4;&#xCC6;.</subfield>
  </datafield>
  <datafield tag="650" ind1=" " ind2=" ">
    <subfield code="a">SOlisabeDa</subfield>
    <subfield code="9">254426</subfield>
  </datafield>
  <datafield tag="650" ind1=" " ind2=" ">
    <subfield code="a">gelisayya:</subfield>
    <subfield code="9">254427</subfield>
  </datafield>
  <datafield tag="650" ind1=" " ind2=" ">
    <subfield code="a">atmakathana</subfield>
    <subfield code="9">254428</subfield>
  </datafield>
  <datafield tag="690" ind1=" " ind2=" ">
    <subfield code="a">Autobiography</subfield>
    <subfield code="9">254429</subfield>
  </datafield>
  <datafield tag="906" ind1=" " ind2=" ">
    <subfield code="a">065205</subfield>
  </datafield>
  <datafield tag="942" ind1=" " ind2=" ">
    <subfield code="2">ddc</subfield>
    <subfield code="c">BK</subfield>
  </datafield>
  <datafield tag="999" ind1=" " ind2=" ">
    <subfield code="c">142650</subfield>
    <subfield code="d">142650</subfield>
  </datafield>
  <datafield tag="952" ind1=" " ind2=" ">
    <subfield code="0">0</subfield>
    <subfield code="1">0</subfield>
    <subfield code="2">ddc</subfield>
    <subfield code="4">0</subfield>
    <subfield code="7">0</subfield>
    <subfield code="8">KAN</subfield>
    <subfield code="a">AL</subfield>
    <subfield code="b">AL</subfield>
    <subfield code="c">Biography</subfield>
    <subfield code="d">2021-02-17</subfield>
    <subfield code="e">Athree Book Centre Balmatta, Mangalore-01</subfield>
    <subfield code="g">150.00</subfield>
    <subfield code="l">0</subfield>
    <subfield code="o">927K PRES</subfield>
    <subfield code="p">065205</subfield>
    <subfield code="r">2021-02-17 00:00:00</subfield>
    <subfield code="w">2021-02-17</subfield>
    <subfield code="y">BK</subfield>
  </datafield>
</record>
